Do These States Border One Another (Mexico) - Statistics

General Stats
  • This quiz has been taken 16 times
  • The average score is 9 of 12
Answer Stats
Question Answer % Correct
Colima - Tamaulipas NO. They do NOT border
100%
Campeche - Michoacan NO. They do NOT border
100%
Chiapas - Oaxaca YES. They border.
100%
Coahuila - Durango YES. They border.
100%
Sinaloa - Veracruz NO. They do NOT border
67%
Baja California Sur - Guanajuato NO. They do NOT border
67%
Jalisco - Tabasco NO. They do NOT border
67%
Baja California - Guerrero NO. They do NOT border
67%
Chihuahua - Sonora YES. They border.
67%
Quintana Roo - Yucatan YES. They border.
67%
Nuevo Leon - San Luis Potosi YES. They border.
67%
Mexico - Puebla YES. They border.
33%
No matching quizzes found
Score Distribution
Percent of People with Each Score
Percentile by Number Answered
Your Score History
You have not taken this quiz